Uslugi posrednictwa i organizacji w rozwoju rynku turystycznego

Guardado en:
Detalles Bibliográficos
Autor principal: Konieczna-Domanska, Anna
Formato: Libro
Lenguaje:polaco
Publicado: Warszawa Szkola Glówna Handlowa 1994
Edición:1. wyd.
Colección:Monografie i opracowania 393
Materias:
Etiquetas: Agregar Etiqueta
Sin Etiquetas, Sea el primero en etiquetar este registro!

MARC

LEADER 00000nam a2200000 4500
001 c013113
005 20221205141151.2
041 0 |a pol 
044 |a PL 
245 1 0 |a Uslugi posrednictwa i organizacji w rozwoju rynku turystycznego  |c Anna Konieczna-Domanska 
250 |a 1. wyd. 
264 1 |a Warszawa  |b Szkola Glówna Handlowa  |c 1994 
300 |a 170 s. 
490 1 |a Monografie i opracowania  |v 393 
830 0 |a Monografie i opracowania  |v 393 
610 2 0 |a ruch cestovný 
610 2 0 |a turistika 
610 2 0 |a trh 
610 2 0 |a služby 
610 2 0 |a kancelárie cestovné 
610 2 0 |a podnik ruchu cestovného 
610 2 0 |a hotelierstvo 
610 2 0 |a hotely 
610 2 0 |a dopyt 
610 2 0 |a doprava 
100 1 |a Konieczna-Domanska, Anna